书目信息 |
| 题名: |
用手机玩摄影
|
|
| 作者: | 源形毕露 著 | |
| 分册: | ||
| 出版信息: | 北京 电子工业出版社 2019.10 |
|
| 页数: | 259页 | |
| 开本: | 23cm | |
| 丛书名: | ||
| 单 册: | ||
| 中图分类: | J41 , TN929.53 | |
| 科图分类: | ||
| 主题词: | 移动电话机--摄影技术 | |
| 电子资源: | ||
| ISBN: | 978-7-121-34356-8 | |
| 000 | 01059nam0 2200277 45 | |
| 001 | 012001001166 | |
| 005 | 20130910161912.0 | |
| 010 | @a978-7-121-34356-8@dCNY99.00 | |
| 099 | @aCAL 012018183654 | |
| 100 | @a20180904d2018 em y0chiy0110 ea | |
| 101 | 0 | @achi |
| 102 | @aCN@b110000 | |
| 105 | @aa z 000yy | |
| 106 | @ar | |
| 200 | 1 | @a用手机玩摄影@Ayong shou ji wan she ying@d= Mobile photography@f源形毕露著@zeng |
| 210 | @a北京@c电子工业出版社@d2019.10 | |
| 215 | @a259页@c彩图@d23cm | |
| 300 | @a并列题名:Mobile photography | |
| 330 | @a本书是一本更注重实战经验的手机摄影书,书中并没有把重心放在容易更迭过时的拍照APP的介绍上,而是还原“摄影”本身,希望喜欢摄影的读者可以通过手机来走近摄影,并提高自己的摄影水平。作者针对这些手机拍摄的作品,会从拍摄现场、想法、方法、技巧和后期处理等方面进行详细的阐述。 | |
| 510 | 1 | @aMobile photography@zeng |
| 606 | 0 | @a移动电话机@x摄影技术 |
| 690 | @aJ41@v5 | |
| 690 | @aTN929.53@v5 | |
| 701 | 0 | @a源形毕露@Ayuan xing bi lu@4著 |
| 801 | @aCN@b江苏凤凰@c20211018 | |
| 905 | @b1342443-6@dJ41@e438@f4 | |
| 用手机玩摄影= Mobile photography/源形毕露著.-北京:电子工业出版社,2019.10 |
| 259页:彩图;23cm |
| 并列题名:Mobile photography |
| ISBN 978-7-121-34356-8:CNY99.00 |
| 本书是一本更注重实战经验的手机摄影书,书中并没有把重心放在容易更迭过时的拍照APP的介绍上,而是还原“摄影”本身,希望喜欢摄影的读者可以通过手机来走近摄影,并提高自己的摄影水平。作者针对这些手机拍摄的作品,会从拍摄现场、想法、方法、技巧和后期处理等方面进行详细的阐述。 |
| ● |
| 相关链接 |
|
|
|
|
正题名:用手机玩摄影
索取号:J41/438
 
预约/预借
| 序号 | 登录号 | 条形码 | 馆藏地/架位号 | 状态 | 备注 |
| 1 | 1342443 | 213424436 | 第一样本阅览室/ [索取号:J41/438] | 在馆 | |
| 2 | 1342444 | 213424445 | 第一借阅区/ [索取号:J41/438] | 在馆 | |
| 3 | 1342445 | 213424454 | 第一借阅区/ [索取号:J41/438] | 在馆 | |
| 4 | 1342446 | 213424463 | 第一借阅区/ [索取号:J41/438] | 在馆 |